000 00605nam a2200205 a 4500
001 8256
003 CO-ViMGA
008 141112s2004 ck r 000 u spa d
020 _a9586481344
040 _aCO-ViMGA
_bspa
_cCO-ViMGA
082 0 4 _aMEVIGAPOR.65 D25i
100 1 _aDelgado R., Alberto
_98089
245 1 0 _aInternet para principiantes /
_cDelgado Alberto
260 _aBogotá,
_cEcoe,
_c1996
300 _a76 p.
490 _aCuadernos de informatica
590 _aForma de adquisición : donacion - - Proveedor : Biblioteca Luis Ángel Arango
650 1 4 _aInternet
_951
942 _2ddc
_cBK
999 _c20065
_d20065